Jak vymáhat pohledávky v obchodních vztazích?

Saved in:
Bibliographic Details
Main Author: Macek, Jiří
Other Authors: Tomsa, Miloš
Format: Book
Language:Czech
Published: Ostrava Montanex 1994
Edition:1. vyd.
Subjects:
Tags: Add Tag
No Tags, Be the first to tag this record!

MARC

LEADER 00000nam a2200000 4500
001 c005996
005 20221214074427.6
020 |a 80-85780-15-1 
041 0 |a cze 
044 |a CZ 
245 1 0 |a Jak vymáhat pohledávky v obchodních vztazích?  |c Jiří Macek, Miloš Tomsa 
250 |a 1. vyd. 
264 1 |a Ostrava  |b Montanex  |c 1994 
300 |a 117 s. 
610 2 0 |a zmluvy obchodné 
610 2 0 |a podnikanie 
610 2 0 |a podmienky platobné 
610 2 0 |a vyrovnanie 
610 2 0 |a zmluvy kontraktačné 
610 2 0 |a právo hospodárske 
610 2 0 |a príručky 
610 2 0 |a konkurzy 
100 1 |a Macek, Jiří 
700 1 |a Tomsa, Miloš